| 000 | 00562nam a2200205Ia 4500 | ||
|---|---|---|---|
| 003 | OSt | ||
| 005 | 20230505170256.0 | ||
| 008 | 210423s2004 xx 000 0 und d | ||
| 040 | _cAL | ||
| 041 | _aeng | ||
| 082 |
_a574.19245 _223 _b ROES |
||
| 100 |
_aROE (Simon). _999197 |
||
| 245 | _aProtein purification techniques: a practical approach. | ||
| 250 | _a2 | ||
| 260 |
_aNew York _bOxford University Press _c2004 |
||
| 300 | _axvi,262 | ||
| 365 |
_b475 _cINR |
||
| 906 | _aapproach. ; practical ; Protein ; purification ; techniques: | ||
| 942 |
_2ddc _cBK |
||
| 999 |
_c163726 _d163726 |
||